Scientology - Multiple Choice - Statistics

General Stats
  • This quiz has been taken 189 times
    188 since last reset
  • The average score is 10 of 16
Answer Stats
Question Answer % Correct
Scientology was founded and invented by ? L. Ron Hubbard
83%
Which one of these actors is a scientologist ...? Tom Cruise
83%
Scientology believes in ... ? Xenu - Dictator of the Galactic Confederacy
83%
A kind of simple lie detector,a device for displaying and recording electrodermal activity used in scientology's ''Confessionals'' is called ... ? E-Meter
73%
Which one is a real special unit Scientology has created to service this special group ...? Celebrity Centres - for famous people, politicians, leaders and sports figures
70%
Which one of these actors is a famous scientologist? John Travolta
70%
Scientology has declared war upon which branch of medical practises ... ? Psychiatry
70%
Which one is a paramilitary organization and a private naval force of the Church of Scientology ... ? Sea Org
67%
De facto leader of Scientology is ... ? David Miscavige
63%
What is the highest level or state a person can get to (= being a spiritual being) according to Scientology ? Operating Thetan
63%
Scientology's ''Confessional'' practise where you have to unburden all your secrets and nasty habits to a scientology 'clerk' who records and files your confessions is called ... ? Auditing
60%
Members of this private naval force make a commitment to Scientology by signing a contract (that is officially described as a symbolic pledge) for how many years at a time ... ? Billion years
60%
Which one of these famous musicians is a scientologist ? Beck
53%
Which is a commonly used recruitment tool by Scientology, aimed at breaking down a person so that the Scientologists can build the recruit back up ... ? Personality Tests
53%
Which US.Government agency was espionaged by the Church of Scientology? IRS
47%
Which of these actresses is a well-known scientologist? Kirstie Alley
43%
No matching quizzes found
Score Distribution
Percent of People with Each Score
Percentile by Number Answered
Your Score History
You have not taken this quiz since the last reset